Arrow of God
সংরক্ষণ করুন:
| প্রধান লেখক: | |
|---|---|
| বিন্যাস: | গ্রন্থ |
| ভাষা: | ইংরেজি |
| প্রকাশিত: |
Heinemann,
1989
|
| ট্যাগগুলো: |
ট্যাগ যুক্ত করুন
কোনো ট্যাগ নেই, প্রথমজন হিসাবে ট্যাগ করুন!
|
MARC
| LEADER | 00000nam a22000007a 4500 | ||
|---|---|---|---|
| 008 | 210125b ||||| |||| 00| 0 eng d | ||
| 020 | |a 978-0-435905-30-9 | ||
| 100 | |a ACHEBE, Chinua. | ||
| 245 | |a Arrow of God |c Chinua Achebe. |e (African Writers series) |g 230p. | ||
| 260 | |b Heinemann, |c 1989 |h Harlow, England: |i 681013 |i 681014 |l PR9387.9 .Ac4 |m Igbo (African people) – Fiction. |m Nigeria – Fiction. | ||
| 942 | |a lcc |c BK |e Adeniran, F. A |f 25/01/2021 | ||
| 952 | |0 0 |1 0 |2 lcc |4 0 |7 0 |9 1735 |a HOL |b ART |c LP |d 2021-01-25 |o PR9387.9 .Ac4 |p 2021-0512 |r 2021-01-25 00:00:00 |w 2021-01-25 |y BK | ||
| 952 | |0 0 |1 0 |2 lcc |4 0 |7 0 |9 1736 |a HOL |b AC |c LP |d 2021-01-25 |o PR9387.9 .Ac4 |p 2021-0513 |r 2021-01-25 00:00:00 |w 2021-01-25 |y BK | ||
| 999 | |c 921 |d 921 | ||